[Event "Cherepovets"]
[Site "Cherepovets"]
[Date "1993.??.??"]
[Round "?"]
[White "Zarubin, Pavel"]
[Black "Zakharevich, Igor"]
[Result "0-1"]
[WhiteElo "2415"]
[BlackElo "2345"]

1.d4 Nf6 2.c4 g6 3.Nc3 Bg7 4.e4 d6 5.Be2 O-O 6.Nf3 e5 7.O-O Qe8 8.dxe5 dxe5
9.Be3 b6 10.Nd5 Na6 11.Nd2 Nd7 12.Qa4 Bb7 13.Qa3 Qd8 14.b4 c6 15.Nc3 Nc7
16.c5 Ne6 17.Nc4 Nd4 18.Rac1 Qc7 19.Rfd1 Rfd8 20.Bg4 Nf8 21.Rd2 Bc8 22.cxb6 axb6
23.Qxa8 Bxg4 24.Qa6 b5 25.Nb2 Qe7 26.Nd3 Qh4 27.Ne1 Bh6 28.Qb6 Nfe6 29.Kh1 Rf8
30.Bxh6 Qxh6 31.Nb1 f5 32.Rc3 fxe4 33.Nc2 Rxf2  0-1

[Event "Clichy"]
[Site "Clichy"]
[Date "1993.??.??"]
[Round "4"]
[White "Mohandesi, Shahin"]
[Black "Moingt, Jean Claude"]
[Result "1-0"]
[WhiteElo "2310"]
[BlackElo "2220"]

1.d4 Nf6 2.c4 g6 3.Nc3 Bg7 4.e4 d6 5.Be2 O-O 6.Nf3 Na6 7.O-O e5 8.Be3 Qe8
9.dxe5 Ng4 10.Bc1 dxe5 11.h3 Nf6 12.Be3 Nh5 13.Re1 Nf4 14.Bf1 c6 15.Kh2 Qe7
16.g3 Ne6 17.Re2 Rd8 18.Rd2 Rxd2 19.Qxd2 Qf6 20.Bg2 Nd4 21.Bxd4 exd4 22.Ne2 c5
23.Nf4 Nc7 24.Nd3 Qe7 25.Ng1 Be6 26.b3 b5 27.Rc1 bxc4 28.bxc4 Rc8 29.f4 Na8
30.Qa5 Nb6 31.Qa6 f5 32.e5 Qf7 33.Nb2 Rd8 34.Nf3 h6 35.Bf1 Bf8 36.Nd2 Qc7
37.Nd3 Bc8 38.Qa3 Be6 39.Bg2 Be7 40.Qa6 Kf7 41.Nb3 Rb8 42.h4 g5 43.h5 g4
44.Bd5 Rd8 45.Bxe6+ Kxe6 46.Qb5 Nd7 47.Nxd4+ Kf7 48.Qc6 Qxc6 49.Nxc6 Rc8
50.Nxe7 Kxe7 51.Rb1 Nb6 52.Rb5 Rd8 53.Nxc5 Rd2+ 54.Kg1 Rxa2 55.Nb3 Nxc4 56.Nd4 Ne3
57.Rb3 Rd2 58.Rxe3 Rxd4 59.Ra3 Rd1+ 60.Kf2 Rd2+ 61.Ke3 Rh2 62.Rxa7+ Kf8 63.Kd4 Rxh5
64.e6 Rh1 65.Ke5 Re1+ 66.Kf6  1-0

[Event "Clichy"]
[Site "Clichy"]
[Date "1993.??.??"]
[Round "7"]
[White "Gurevich, Mikhail"]
[Black "Apicella, Manuel"]
[Result "1-0"]
[WhiteElo "2610"]
[BlackElo "2495"]

1.d4 Nf6 2.c4 g6 3.Nc3 Bg7 4.e4 d6 5.Nf3 O-O 6.Be2 e5 7.O-O Na6 8.Be3 Ng4
9.Bg5 Qe8 10.dxe5 h6 11.Bd2 Nxe5 12.Nd4 c6 13.Be3 h5 14.h3 Nd7 15.Qd2 Nac5
16.f3 a5 17.b3 Qe7 18.Rae1 Re8 19.Bd1 Nb6 20.f4 a4 21.Bc2 axb3 22.axb3 Ra3
23.e5 dxe5 24.fxe5 Ra6 25.Bg5 Qc7 26.Bf6 Ne6 27.Nxe6 Bxe6 28.Qg5 Nd7 29.Bxg6 fxg6
30.Qxg6 Nxf6 31.exf6 Qf7 32.Qg5 Bd7 33.Rxe8+ Bxe8 34.fxg7 Qxg7 35.Qd8 Qe5
36.Qd3 Kg7 37.Ne4 Ra2 38.Qf3 Qe7 39.Qc3+ Kg6 40.Qg3+ Kh6 41.Rf6+ Kh7 42.Re6  1-0

[Event "Colorado"]
[Site "Colorado"]
[Date "1993.??.??"]
[Round "?"]
[White "Ginat, Michael"]
[Black "Kearns, Jerry"]
[Result "0-1"]
[WhiteElo "2225"]
[BlackElo "2275"]

1.d4 Nf6 2.Nf3 g6 3.c4 Bg7 4.Nc3 O-O 5.e4 d6 6.Be2 e5 7.d5 a5 8.Bg5 h6 9.Bh4 Na6
10.Nd2 Qe8 11.O-O Nh7 12.f3 h5 13.Bf2 Bh6 14.a3 Bd7 15.b3 Qe7 16.Qc2 h4 17.Rfd1 f5
18.Rab1 Nc5 19.b4 axb4 20.axb4 Na4 21.Ra1 Nxc3 22.Qxc3 Qg5 23.Kh1 Nf6 24.Bg1 Rxa1
25.Qxa1 fxe4 26.fxe4 h3 27.gxh3 Bxh3 28.Bf3 Nh5 29.Qc3 Nf4  0-1

[Event "Cuxhaven op"]
[Site "Cuxhaven"]
[Date "1993.??.??"]
[Round "3"]
[White "Volke, Karsten"]
[Black "Panzer, Peter"]
[Result "1/2-1/2"]
[WhiteElo "2470"]
[BlackElo "2420"]

1.d4 Nf6 2.c4 g6 3.Nc3 Bg7 4.e4 d6 5.Nf3 O-O 6.Be2 e5 7.O-O Na6 8.Re1 Qe8
9.dxe5 dxe5 10.b3 Qe7 11.Nd5 Qd6 12.Bg5 Nxd5 13.cxd5 h6 14.Bc1 c6 15.dxc6 Qxc6
16.Ba3 Re8 17.Rc1 Qb6 18.Nd2 Rd8 19.Rc2 Nb4  1/2-1/2

[Event "CZE Tschechien-ch"]
[Site "?"]
[Date "1993.??.??"]
[Round "3"]
[White "Netusil, Miroslav"]
[Black "Bauma, Jiri"]
[Result "1/2-1/2"]
[WhiteElo "2310"]
[BlackElo "2205"]

1.d4 Nf6 2.c4 g6 3.Nc3 Bg7 4.e4 d6 5.Be2 O-O 6.Nf3 e5 7.dxe5 dxe5 8.Qxd8 Rxd8
9.Bg5 c6 10.Nxe5 Re8 11.O-O-O Na6 12.Nf3 Ng4 13.Rhf1 Bxc3 14.bxc3 Nc5 15.h3 Nxe4
16.hxg4 Nxg5 17.Nxg5 Rxe2 18.f3 Be6 19.Nxe6 Rxe6 20.Rde1 Rae8 21.Rxe6 Rxe6  1/2-1/2

[Event "CZE Tschechien-ch"]
[Site "?"]
[Date "1993.??.??"]
[Round "5"]
[White "Pokorny, Tomas"]
[Black "Sejkora, Vlastimil"]
[Result "1/2-1/2"]
[WhiteElo "2115"]
[BlackElo "2210"]

1.d4 Nf6 2.c4 g6 3.Nc3 Bg7 4.e4 d6 5.Nf3 O-O 6.Be2 Nbd7 7.O-O e5 8.Be3 exd4
9.Nxd4 Re8 10.f3 c6 11.Qd2 a5 12.Rad1 a4 13.Kh1 Qa5 14.Nc2 Ne5  1/2-1/2

[Event "CZE-ch"]
[Site "?"]
[Date "1993.??.??"]
[Round "1"]
[White "Jerabek, Petr"]
[Black "Freisler, Pavel"]
[Result "0-1"]
[WhiteElo "2230"]
[BlackElo "2395"]

1.d4 Nf6 2.c4 d6 3.Nf3 g6 4.Nc3 Bg7 5.e4 O-O 6.Be2 Nbd7 7.O-O e5 8.Re1 c6
9.d5 Nc5 10.Bf1 a5 11.Rb1 Qc7 12.b3 Bd7 13.a3 cxd5 14.cxd5 a4 15.b4 Nb3 16.Bb2 Bh6
17.h3 Rfc8 18.Bb5 Bxb5 19.Nxb5 Qb6 20.Qd3 Qa6 21.Rbd1 Nd7 22.g3 Bf8 23.Nd2 Nxd2
24.Rxd2 Nb6 25.Rc1 Bh6 26.f4 Rxc1+ 27.Bxc1 Rc8 28.Rd1 Nc4 29.Nc3 b5 30.Kg2 exf4
31.gxf4 Bg7 32.Ne2 Qb6 33.Nd4 Bxd4 34.Qxd4 Qxd4 35.Rxd4 Re8 36.e5 dxe5 37.fxe5 Nxe5
38.d6 Nd7 39.Rd5 Re5 40.Rd3 f5 41.Bf4 Re4 42.Kg3 Kf7 43.Rd5 Rc4 44.Rxb5 Rc3+
45.Kh4 Rxa3 46.Ra5 Rf3 47.Bh2 h6  0-1

[Event "CZE-chT"]
[Site "?"]
[Date "1993.??.??"]
[Round "?"]
[White "Berechet, Otiliu"]
[Black "Karlik, Vladimir"]
[Result "1/2-1/2"]
[WhiteElo "2430"]
[BlackElo "2280"]

1.c4 g6 2.d4 Nf6 3.Nc3 Bg7 4.e4 d6 5.Be2 O-O 6.Nf3 e5 7.O-O Na6 8.d5 Nc5
9.Qc2 a5 10.Bg5 h6 11.Be3 Nh5 12.Kh1 Nf4 13.Ng1 f5 14.f3 b6 15.g3 Nxe2 16.Ngxe2 fxe4
17.fxe4 Bh3 18.Rxf8+ Qxf8 19.Ng1 Bg4 20.Kg2 Qe7 21.h3 Bd7 22.b3 Kh7 23.Rf1 Rf8
24.Rb1 Qe8 25.Qe2 Rf7 26.a3 a4 27.Bxc5 dxc5 28.bxa4 Bxa4 29.d6 cxd6 30.Rxb6 Bc6
31.Qd3 Bf8 32.Nd5 Qa8 33.Nf3 Rb7 34.Nd2 Rxb6 35.Nxb6 Qb7 36.Nd5 Qb2 37.Kf3 h5
38.Nf6+ Kg7 39.Nd5 Kf7 40.Qc3 Qa2 41.Ne3 Be7 42.h4 Bd8 43.Nd1 Bd7 44.Nf2 g5
45.Nd3  1/2-1/2

[Event "Dhaka"]
[Site "Dhaka"]
[Date "1993.??.??"]
[Round "?"]
[White "Murshed, Niaz"]
[Black "Vaidya, Arun B"]
[Result "0-1"]
[WhiteElo "2520"]
[BlackElo "2385"]

1.d4 Nf6 2.c4 g6 3.Nc3 Bg7 4.e4 d6 5.Nf3 O-O 6.Be2 e5 7.dxe5 dxe5 8.Qxd8 Rxd8
9.Bg5 c6 10.Nxe5 Re8 11.O-O-O Na6 12.Rd6 Be6 13.Nf3 Nc5 14.Nd2 Nfd7 15.Ndb1 Ne5
16.Be3 Na6 17.b3 f5 18.Rd2 Nf7 19.h4 Nb4 20.a3 Na6 21.h5 g5 22.exf5 Bxf5
23.g4 Be6 24.Rg1 h6 25.Ne4 b5 26.Nd6 Nxd6 27.Rxd6 Rac8 28.Bd3 Rcd8 29.Rxd8 Rxd8
30.Kc2 bxc4 31.Bxc4 Bxc4 32.bxc4 Rd7 33.Rd1 Rb7 34.Nc3 Be5 35.Rd8+ Kf7 36.Ne4 Ke7
37.Rg8 Rb2+ 38.Kd1 Rb1+ 39.Ke2 Rb2+ 40.Kf3 Rb3 41.Rg6 Nc7 42.Rxh6  0-1

[Event "Dhaka"]
[Site "Dhaka"]
[Date "1993.??.??"]
[Round "?"]
[White "Murshed, Niaz"]
[Black "Sattar, R."]
[Result "1/2-1/2"]
[WhiteElo "2520"]
[BlackElo "2255"]

1.d4 Nf6 2.Nf3 g6 3.c4 Bg7 4.Nc3 O-O 5.e4 d6 6.Be2 e5 7.d5 a5 8.O-O Na6 9.Be3 Ng4
10.Bg5 f6 11.Bd2 f5 12.Ne1 Nf6 13.exf5 gxf5 14.f4 e4 15.Be3 Qe8 16.Nc2 Bd7
17.Qd2 Qg6 18.Nd1 Nc5 19.Bd4 Bh6 20.Kh1 Rfe8 21.Nde3 b6 22.Rac1 Nh5 23.g3 Nf6
24.Qd1 Re7 25.Ng2 Bg7 26.Nge3 Ng4 27.Qd2 Bxd4 28.Nxd4 Nxh2 29.Kxh2 Rg7 30.g4 fxg4
31.Kg3  1/2-1/2

[Event "Arab-ch8 Doha"]
[Site "Doha"]
[Date "1993.??.??"]
[Round "1"]
[White "Najjar, Ahmad"]
[Black "Battikhi, H."]
[Result "1-0"]
[WhiteElo "2325"]
[BlackElo "2220"]

1.d4 Nf6 2.Nf3 g6 3.c4 Bg7 4.Nc3 O-O 5.e4 d6 6.Be2 e5 7.dxe5 dxe5 8.Bg5 Qxd1+
9.Rxd1 Nbd7 10.O-O c6 11.Rd6 Nh5 12.Rfd1 Ndf6 13.h3 h6 14.Be3 Nf4 15.Bf1 Ne8
16.R6d2 Ne6 17.Nh2 f5 18.f3 f4 19.Bf2 Nd4 20.Ng4 Bxg4 21.hxg4 b6 22.c5 Rf6
23.cxb6 Bf8 24.bxa7 Rxa7 25.Rxd4 exd4 26.Bxd4 Bc5 27.Bxc5 Rb7  1-0

[Event "Doha"]
[Site "Doha"]
[Date "1993.??.??"]
[Round "4"]
[White "Murshed, Niaz"]
[Black "Sharif, Mershad"]
[Result "1/2-1/2"]
[WhiteElo "2525"]
[BlackElo "2425"]

1.d4 Nf6 2.c4 g6 3.Nc3 Bg7 4.e4 O-O 5.Nf3 d6 6.Be2 Na6 7.O-O e5 8.Be3 c6
9.d5 Ng4 10.Bg5 f6 11.Bd2 c5 12.Ne1 f5 13.exf5 gxf5 14.h3 Nf6 15.f4 Ne4 16.Nxe4 fxe4
17.fxe5 Bxe5 18.Bc3 Rxf1+ 19.Bxf1 Bxc3 20.bxc3 Qg5 21.Qc1 Qg3 22.Qh6 Qxc3
23.Rb1 Qd4+ 24.Kh1 Qe5 25.Be2 Nc7 26.Nc2 Ne8 27.Rf1  1/2-1/2

[Event "Doha"]
[Site "Doha"]
[Date "1993.??.??"]
[Round "6"]
[White "Murshed, Niaz"]
[Black "Al Modiahki, Mohamad"]
[Result "1-0"]
[WhiteElo "2525"]
[BlackElo "2405"]

1.d4 Nf6 2.Nf3 g6 3.c4 Bg7 4.Nc3 O-O 5.e4 d6 6.Be2 e5 7.d5 a5 8.O-O Na6 9.Be3 Ng4
10.Bg5 f6 11.Bd2 f5 12.Ne1 Nf6 13.exf5 gxf5 14.f4 Nc5 15.Nd3 Nxd3 16.Bxd3 c6
17.fxe5 Ng4 18.e6 Nxh2 19.Qh5 Nxf1 20.Rxf1 Qe8 21.Rxf5 Bd4+ 22.Kh1 Qxh5+
23.Rxh5 Rf2 24.Ne4 Rxd2 25.Nxd2 Bxb2 26.Bxh7+ Kg7 27.Bd3 Rb8 28.Rh7+ Kg8
29.Re7 Be5 30.Nf3 Bg3 31.Nd4 Be5 32.Nf5  1-0

[Event "Arab-ch8 Doha"]
[Site "Doha"]
[Date "1993.??.??"]
[Round "11"]
[White "Al Ghasra, Ali"]
[Black "Abdulla, A."]
[Result "1/2-1/2"]
[WhiteElo "2205"]
[BlackElo "2300"]

1.d4 Nf6 2.c4 g6 3.Nc3 Bg7 4.e4 d6 5.Nf3 O-O 6.Be2 Na6 7.O-O e5 8.Be3 Ng4
9.Bg5 Qe8 10.h3 h6 11.Bc1 Nf6 12.dxe5 dxe5 13.Be3 c6 14.Qd6 Nh5 15.g4 Nf4
16.Bxf4 exf4 17.Qxf4 Nc5 18.Rfe1 g5 19.Qe3 Ne6 20.Bf1 Qe7 21.Rad1 Qb4 22.Rd2 Qb6
23.e5 Qxe3 24.Rxe3 Nf4 25.Ne4 Be6 26.Nc5 f5 27.exf6 Rxf6 28.Nxe6 Rxe6 29.Rxe6 Nxe6
30.b3 Rf8 31.Bg2 Nf4 32.h4 Bf6 33.hxg5 hxg5 34.Nh2 Re8 35.Nf1 Ne2+ 36.Kh1 Kf7
37.Rd7+ Kg6 38.Bf3 Rh8+ 39.Kg2 Nf4+ 40.Kg1 Nh3+ 41.Kg2 Nf4+ 42.Kg1 Nh3+ 43.Kh1 Nf4+
44.Nh2 Be5 45.Be4+ Kf6 46.Rh7 Rxh7 47.Bxh7 Nh3 48.f3 Nf2+ 49.Kg2 Nd1 50.Nf1 Nc3
51.a4 Bf4 52.Bc2 c5 53.Kf2 Ke5 54.Ne3 Bxe3+ 55.Kxe3 Na2 56.f4+ gxf4+ 57.Kf3 Nb4
58.Be4 Nc6  1/2-1/2

[Event "Doha"]
[Site "Doha"]
[Date "1993.??.??"]
[Round "11"]
[White "Al Khateeb, Ahmed"]
[Black "Kuzmin, Alexey"]
[Result "0-1"]
[WhiteElo "2300"]
[BlackElo "2555"]

1.d4 Nf6 2.c4 g6 3.Nc3 Bg7 4.e4 d6 5.Nf3 O-O 6.Be2 e5 7.dxe5 dxe5 8.Qxd8 Rxd8
9.Bg5 Nbd7 10.O-O-O Rf8 11.Nd5 c6 12.Ne7+ Kh8 13.Be3 Re8 14.Nxc8 Raxc8 15.Nd2 Bf8
16.Nb3 b6 17.Rd2 a5 18.a4 Bb4 19.Rdd1 b5 20.Bd2 bxa4 21.Nxa5 Bxa5 22.Bxa5 Nc5
23.Bb6 Nfxe4 24.f3 Rb8 25.Bc7 Nf2 26.Bxb8 Rxb8 27.Rhf1 Nxd1 28.Rxd1 a3 29.bxa3 Nb3+
30.Kc2 Nd4+ 31.Rxd4 exd4 32.c5 Re8 33.Bc4 Re3 34.Bxf7 Rxa3 35.Be8 Rc3+ 36.Kd2 Rxc5
37.Kd3 Rg5 38.g3 c5 39.f4 Rd5 40.Bf7 Rd7 41.Bb3 Re7  0-1

[Event "Dortmund op-A"]
[Site "Dortmund"]
[Date "1993.??.??"]
[Round "2"]
[White "Podgaets, Mikhail"]
[Black "Lorscheid, Gerhard"]
[Result "1/2-1/2"]
[WhiteElo "2450"]
[BlackElo "2305"]

1.d4 d6 2.Nf3 Nf6 3.c4 g6 4.Nc3 Bg7 5.e4 O-O 6.Be2 e5 7.Be3 Na6 8.dxe5 dxe5
9.Nd2 c6 10.c5 Nb4 11.O-O Be6 12.a3 Nd3 13.Qc2 Nf4 14.Nc4  1/2-1/2

[Event "Dortmund op-A"]
[Site "Dortmund"]
[Date "1993.??.??"]
[Round "5"]
[White "Kishnev, Sergey"]
[Black "Brendel, Oliver"]
[Result "0-1"]
[WhiteElo "2510"]
[BlackElo "2355"]

1.d4 Nf6 2.c4 g6 3.Nc3 Bg7 4.e4 d6 5.Nf3 O-O 6.Be2 e5 7.O-O exd4 8.Nxd4 Re8
9.f3 c6 10.Kh1 Nbd7 11.Bf4 Nh5 12.Bxd6 Qf6 13.Nc2 Nf4 14.Rf2 Ne5 15.Bf1 Nfd3
16.Bxd3 Qxd6 17.Be2 Rd8 18.Qxd6 Rxd6 19.Rd1 Rxd1+ 20.Nxd1 Be6 21.f4 Nxc4
22.f5 gxf5 23.exf5 Bd5 24.b3 Nd6 25.Bf3 Re8 26.Bxd5 cxd5 27.g4 Ne4 28.Rf1 Rc8
29.Nb4 d4 30.Re1 Nc3 31.Nf2 Bf6 32.g5 Bxg5 33.Rg1 f6 34.h4 Ne2 35.Rg2 Nf4
36.Rg1 Ne2 37.Rg2 Nf4 38.Rg4 h5 39.Rg1 Ne2 40.Nd5 Kf8 41.hxg5 Nxg1 42.Kxg1 fxg5
43.Ne4 Rd8 44.Nc7 Ke7 45.f6+ Kf7 46.Nb5 d3 47.Nbd6+ Kg6 48.f7 h4 49.Kf2 g4
50.Nxb7 g3+ 51.Kf3 d2 52.Nc3 d1=Q+ 53.Nxd1 Rxd1 54.Ke2 Kxf7  0-1

[Event "Dortmund op-A"]
[Site "Dortmund"]
[Date "1993.??.??"]
[Round "10"]
[White "Appel, Ralf"]
[Black "Kochyev, Alexander"]
[Result "0-1"]
[WhiteElo "2385"]
[BlackElo "2475"]

1.d4 Nf6 2.Nf3 g6 3.c4 Bg7 4.Nc3 d6 5.e4 O-O 6.Be2 e5 7.O-O Nbd7 8.Re1 c6
9.Bf1 a5 10.b3 exd4 11.Nxd4 Ng4 12.Qxg4 Bxd4 13.Bg5 f6 14.Bd2 Ne5 15.Qg3 f5
16.Rac1 Ng4 17.Nd1 f4 18.Qd3 c5 19.h3 Ne5 20.Qc2 Qh4 21.Bc3 f3 22.Bxd4 fxg2
23.Bxg2 cxd4  0-1

[Event "Dortmund op-A"]
[Site "Dortmund"]
[Date "1993.??.??"]
[Round "11"]
[White "Kishnev, Sergey"]
[Black "Dietrich, Ralf"]
[Result "1-0"]
[WhiteElo "2510"]
[BlackElo "2295"]

1.d4 Nf6 2.c4 g6 3.Nc3 Bg7 4.e4 d6 5.Be2 O-O 6.Nf3 e5 7.O-O exd4 8.Nxd4 Re8
9.f3 Nh5 10.g4 Nf6 11.Be3 h5 12.g5 Nh7 13.f4 Bh3 14.Re1 Na6 15.Bf3 Nc5 16.Rc1 Ne6
17.Nxe6 Bxe6 18.c5 dxc5 19.e5 b6 20.Bc6 Qc8 21.Nd5 Bxd5 22.Qxd5 Rd8 23.Qf3 Rb8
24.Red1 Qf5 25.Be4 Qg4+ 26.Qxg4 hxg4 27.Kg2 Nf8 28.Kg3 Ne6 29.Kxg4 Kf8 30.h4 Rxd1
31.Rxd1 Rd8 32.Rxd8+ Nxd8 33.h5 gxh5+ 34.Kxh5 a5 35.Bf2 Ne6 36.Bg3 Nd4 37.f5 Ke8
38.f6 Bf8 39.Bf2 Ne2 40.Bc6+ Kd8 41.Be3 c4 42.Ba4  1-0

[Event "Drobeta"]
[Site "Drobeta"]
[Date "1993.??.??"]
[Round "?"]
[White "Ionescu, Mihai"]
[Black "Botvinnik, Ilia"]
[Result "0-1"]
[WhiteElo "2285"]
[BlackElo "2395"]

1.d4 Nf6 2.c4 g6 3.Nc3 Bg7 4.e4 O-O 5.Nf3 d6 6.Be2 Na6 7.O-O e5 8.Re1 Qe8
9.d5 Nc5 10.Bf1 a5 11.Rb1 Nh5 12.Be3 b6 13.b3 f5 14.Bxc5 bxc5 15.Nb5 Qe7
16.Nd2 Qf7 17.a4 Nf6 18.Rb2 h5 19.exf5 gxf5 20.f3 Bh6 21.g3 Kh8 22.Bg2 Rg8
23.Nf1 f4 24.Nc3 h4 25.gxh4 Bh3 26.Ree2 Rg7 27.Kh1 Rag8 28.Rf2 Qh5 29.Qd3 Qxh4
30.Ne4 Nxe4 31.fxe4 Qxf2 32.Rxf2 Rxg2  0-1

[Event "Dublin zt"]
[Site "Dublin"]
[Date "1993.??.??"]
[Round "11"]
[White "McMahon, Daire"]
[Black "McNab, Colin Anderson"]
[Result "0-1"]
[WhiteElo "2310"]
[BlackElo "2490"]

1.d4 d6 2.Nf3 g6 3.c4 Nd7 4.Nc3 e5 5.e4 Bg7 6.Be2 Ngf6 7.O-O O-O 8.Be3 Re8
9.d5 Ng4 10.Bg5 f6 11.Bd2 Nh6 12.b4 f5 13.Ng5 Nf8 14.exf5 gxf5 15.Rc1 e4
16.f4 exf3 17.Bxf3 Ng6 18.Bh5 Qf6 19.Bxg6 hxg6 20.Bf4 Bd7 21.Nb5 Rac8 22.h3 a6
23.Nc3 Nf7 24.Nxf7 Kxf7 25.Qd2 Qd4+ 26.Qxd4 Bxd4+ 27.Kh2 Bf6 28.Bd2 g5 29.Rce1 Kg6
30.Rxe8 Rxe8 31.Re1 Be5+ 32.Kg1 f4 33.Kf2 Bf5 34.Kf3 Rh8 35.Ne4 Bxh3 36.gxh3 Rxh3+
37.Kg4 Rh4+ 38.Kf3 Kf5 39.Nf2 g4+ 40.Kg2 f3+ 41.Kg1 g3 42.Nd1 f2+  0-1

[Event "Eger"]
[Site "Eger"]
[Date "1993.??.??"]
[Round "10"]
[White "Titz, Heimo"]
[Black "Labahn, Wolfgang"]
[Result "0-1"]
[WhiteElo "2290"]
[BlackElo "2225"]

1.Nf3 Nf6 2.c4 g6 3.Nc3 Bg7 4.e4 d6 5.d4 O-O 6.Be2 e5 7.d5 a5 8.Bg5 Na6 9.Nd2 Nc5
10.O-O Qe8 11.b3 Bd7 12.a3 b6 13.b4 axb4 14.axb4 Na4 15.Qc2 Nxc3 16.Qxc3 Qe7
17.Qe3 Rfb8 18.Rfc1 Qf8 19.Qc3 Nxe4 20.Nxe4 f5 21.Rxa8 Rxa8 22.Ng3 f4 23.Ne4 h6
24.Bh4 g5 25.Bxg5 hxg5 26.Nxg5 Qf5 27.h4 Ra2 28.Qd3 Bf6 29.Qxf5 Bxf5 30.Bf3 Bxg5
31.hxg5 Rc2 32.Rxc2 Bxc2 33.Kf1 Kg7 34.Ke1 Kg6 35.Kd2 Bb1 36.Kc3 Kxg5 37.c5 bxc5
38.bxc5 Kf5 39.cxd6 cxd6 40.g3 fxg3 41.fxg3 Be4 42.Be2 Bxd5 43.Kd3 Bc6 44.Ke3 d5
45.Ba6 d4+ 46.Kf2 e4 47.Bc8+ Ke5 48.Ba6 Bd7 49.Bb7 Bg4 50.Ba6 e3+ 51.Ke1 Ke4
52.Bb7+ Kd3  0-1

[Event "Elenite op"]
[Site "Elenite"]
[Date "1993.??.??"]
[Round "2"]
[White "Georgiev, Vladimir"]
[Black "Todorov, Todor"]
[Result "1-0"]
[WhiteElo "2410"]
[BlackElo "2230"]

1.d4 Nf6 2.Nf3 g6 3.c4 Bg7 4.Nc3 d6 5.e4 O-O 6.Be2 e5 7.d5 a5 8.h3 Na6 9.Bg5 h6
10.Be3 Nc5 11.Nd2 Nh7 12.h4 f5 13.h5 g5 14.exf5 e4 15.g4 Re8 16.Qc2 Nf6 17.O-O-O Nd3+
18.Kb1 Nb4 19.Qc1 c6 20.Nb3 c5 21.a3 Nd3 22.Bxd3 exd3 23.f3 Qb6 24.Na1 Bd7
25.Rh2 Qa6 26.Bxg5 hxg5 27.h6 Bh8 28.Qxg5+ Kf8 29.h7 Qxc4 30.Rh6 Qd4 31.Nb3 Qe5
32.f4 Qe7 33.Rdh1 b5 34.Ne4 Nxh7 35.Rxh7 Qxg5 36.Nxg5 Bg7 37.f6 Bxf6 38.Rxd7 Re7
39.Nh7+ Kf7 40.Nxf6 Kxf6 41.g5+  1-0

[Event "Elgoibar"]
[Site "Elgoibar"]
[Date "1993.??.??"]
[Round "2"]
[White "Etchegaray, Patrice"]
[Black "Calvo, Jesus Maria"]
[Result "1/2-1/2"]
[WhiteElo "2410"]
[BlackElo "2315"]

1.d4 g6 2.c4 Nf6 3.Nc3 Bg7 4.e4 d6 5.Be2 O-O 6.Nf3 Nbd7 7.O-O e5 8.Re1 c6
9.Bf1 a5 10.Rb1 exd4 11.Nxd4 Re8 12.f3 d5 13.cxd5 Nxd5 14.Nxd5 cxd5 15.Nb5 dxe4
16.Nd6 Rf8 17.fxe4 Ne5 18.Nxc8 Rxc8 19.Qxd8 Rfxd8 20.Bg5 Rd4 21.Rbd1 Ng4
22.h3 h6 23.Bf4 Rcd8 24.Rc1 Nf6 25.Bc7 Ra8 26.e5 Nd5 27.Bd6 Bf8 28.Bxf8 Kxf8
29.Red1 Rxd1 30.Rxd1 Ne3 31.Rd7 Nxf1 32.Kxf1 Re8 33.Rxb7 Rxe5 34.a4 Kg7 35.Rb5 Kf6
36.Rb7 Ke6 37.Kf2 h5 38.Kf3 g5 39.Rb6+ Ke7 40.Rb7+ Ke6 41.Rb6+ Ke7 42.b4 axb4
43.Rxb4 Ra5 44.Ke3 f5 45.Kd3 Kd6 46.Kc3 h4 47.Rd4+ Ke5 48.Rc4 Rd5 49.Rb4 Rd1
50.Rb2 Ra1 51.Kb4 g4 52.hxg4 fxg4 53.a5 Kf4 54.Kb5 Kg3 55.Kb6 h3  1/2-1/2

[Event "NLD-ch sf"]
[Site "Enschede"]
[Date "1993.??.??"]
[Round "4"]
[White "Grooten, Herman"]
[Black "Verdonk, Roland"]
[Result "1/2-1/2"]
[WhiteElo "2410"]
[BlackElo "2270"]

1.d4 Nf6 2.c4 g6 3.Nc3 Bg7 4.e4 d6 5.Nf3 O-O 6.Be2 e5 7.Be3 Ng4 8.Bg5 f6
9.Bh4 Nd7 10.d5 a5 11.Nd2 Nh6 12.a3 Nf7 13.b4 Bh6 14.Nb3 b6 15.Bg4 Bg5 16.Bxg5 fxg5
17.Bxd7 Bxd7 18.h3 g4 19.h4 Qf6 20.bxa5 bxa5 21.Qd2 g5 22.hxg5 Nxg5 23.Qe3 a4
24.Nd2 Rf7 25.O-O-O Rg7 26.Rdf1 c5 27.Re1 Rb8 28.Kc2 Rf8 29.Re2 Rb8 30.Qg3 Qd8
31.Ree1 Qa5 32.Rh6 Nf7 33.Rh4 Nh8 34.Reh1 Ng6 35.Rh6 Qd8 36.Qh2 Qg5 37.Nd1 Qe7
38.g3 Rb6 39.Ne3 Bc8 40.Nf5 Bxf5 41.exf5 Qg5 42.Kc3 e4 43.Rxg6 hxg6 44.Qh8+ Kf7
45.fxg6+ Qxg6 46.Rh6 Qf5 47.Re6 Rb3+ 48.Kc2 Rg8 49.Qh4 Rgb8 50.Qe7+ Kg8 51.Rf6 Rb2+
52.Kc1 Qh5 53.Qxe4 Ra2 54.Rg6+ Kh8 55.Rxd6 Rxa3 56.Kd1 Ra1+ 57.Ke2 a3 58.Qf4 Re8+
59.Re6 Rxe6+ 60.dxe6 Qh1 61.Qf6+  1/2-1/2

[Event "ESP-ch playoff"]
[Site "?"]
[Date "1993.??.??"]
[Round "10"]
[White "Garcia Ilundain, David"]
[Black "Comas Fabrego, Luis"]
[Result "1/2-1/2"]
[WhiteElo "2480"]
[BlackElo "2435"]

1.c4 Nf6 2.Nc3 g6 3.d4 Bg7 4.e4 d6 5.Be2 O-O 6.Nf3 e5 7.O-O Na6 8.Be3 Ng4
9.Bg5 Qe8 10.dxe5 dxe5 11.Ne1 h6 12.Bd2 Nf6 13.Nd3 c6 14.Kh1 Qe7 15.Rb1 Rd8
16.a3 Kh7 17.b4 Nd7 18.Be3 Nc7 19.Qe1 Ne6  1/2-1/2

[Event "ESP-ch"]
[Site "?"]
[Date "1993.??.??"]
[Round "5"]
[White "Acebal, Antonio"]
[Black "Garcia Luque, Agustin"]
[Result "0-1"]
[WhiteElo "2280"]
[BlackElo "2345"]

1.Nf3 Nf6 2.c4 g6 3.Nc3 Bg7 4.e4 d6 5.d4 O-O 6.Be2 e5 7.Be3 Ng4 8.Bg5 f6
9.Bc1 Nd7 10.dxe5 dxe5 11.Qd5+ Kh8 12.Ng5 fxg5 13.Bxg4 Qf6 14.O-O Nb6 15.Qd1 Nxc4
16.Nd5 Qf7 17.Bxc8 Raxc8 18.Qe2 Na5 19.Bxg5 Nc6 20.Qb5 Rb8 21.Qc5 Qd7 22.Be3 Rf7
23.Rac1 Rbf8 24.f3 a6 25.Rfd1 Qe6 26.Qc4 g5 27.Bc5 Rg8 28.Ne3 Qg6 29.Rc2 h5
30.Rcd2 b6 31.Bxb6 g4 32.fxg4 cxb6 33.gxh5 Qg5 34.Qxf7 Qxe3+ 35.Kh1 Nd4 36.Qf1 Qxe4
37.Qxa6 Bh6 38.Rf2 Qg4 39.Qf1 Qxh5 40.Rd3 Rc8 41.Rc3 Qe8 42.Rh3 Kg7 43.Rg3+ Kh8
44.Rf6 Bg7 45.Rxb6 Qf8 46.Qxf8+ Rxf8 47.h3 e4 48.Re3 Rf1+ 49.Kh2 Be5+ 50.g3 Nf3+
51.Rxf3 exf3 52.Rb4 Rf2+ 53.Kg1 Rd2 54.Rh4+ Kg7 55.Kf1 Kf6 56.Rh8 Kf5 57.Rf8+ Ke4
58.Re8 Rxb2 59.a4 Ra2 60.h4 Rxa4 61.h5 Ra1+ 62.Kf2 Ra2+ 63.Kf1 Rh2 64.g4 Rh4  0-1

[Event "ESP-ch"]
[Site "?"]
[Date "1993.??.??"]
[Round "6"]
[White "Anguix Garrido, Juan Francisco"]
[Black "San Segundo, Pablo"]
[Result "1-0"]
[WhiteElo "2340"]
[BlackElo "2440"]

1.d4 Nf6 2.c4 g6 3.Nc3 Bg7 4.e4 d6 5.Be2 O-O 6.Nf3 e5 7.O-O c6 8.d5 Na6 9.Bg5 h6
10.Bh4 c5 11.Nd2 Nc7 12.Rb1 Qe8 13.a3 Nh7 14.f3 Nf6 15.b4 b6 16.bxc5 bxc5
17.g4 Nh7 18.Qa4 Bf6 19.Qxe8 Rxe8 20.Bf2 Nf8 21.h4 Ba6 22.Bd1 Reb8 23.Ba4 Rb6
24.Rxb6 axb6 25.Rb1 Rb8 26.Bc6 Bd8 27.Nb5 Nxb5 28.cxb5 Bc8 29.Nc4 Bc7 30.a4 f5
31.gxf5 gxf5 32.Be1 fxe4 33.fxe4 Bg4 34.a5 bxa5 35.b6 a4 36.Bxa4 Bc8 37.Rb2 Bd8
38.Ba5 Ba6 39.Nxd6 c4 40.Rg2+ Kh7 41.Ne8 Ng6 42.Nc7 Nf4 43.Nxa6 Bxb6+ 44.Kh2 Ra8
45.Bxb6 Rxa6 46.Rc2 Rxb6 47.Rxc4 Rg6 48.Bd7 Rg2+ 49.Kh1 Rd2 50.Bf5+ Kg7 51.Rc7+ Kf8
52.Rh7 Ne2 53.Rxh6 Ng3+ 54.Kg1 Nxf5 55.Rf6+ Ke7 56.Rxf5 Kd6 57.Rf6+ Kc5 58.h5 Re2
59.Rc6+ Kd4 60.d6 Kxe4 61.h6  1-0

[Event "ESP-ch"]
[Site "?"]
[Date "1993.??.??"]
[Round "8"]
[White "Garcia Ilundain, David"]
[Black "Comas Fabrego, Luis"]
[Result "1-0"]
[WhiteElo "2480"]
[BlackElo "2435"]

1.d4 Nf6 2.Nf3 g6 3.c4 Bg7 4.Nc3 O-O 5.e4 d6 6.Be2 e5 7.O-O Na6 8.Be3 Ng4
9.Bg5 Qe8 10.dxe5 dxe5 11.h3 h6 12.Bc1 Nf6 13.Be3 Nh5 14.Re1 Nf4 15.Bf1 Ne6
16.a3 Nb8 17.b4 Nc6 18.Nd5 Qd8 19.Qd2 g5 20.Qd1 Ncd4 21.Bc1 f5 22.exf5 Rxf5
23.Nxd4 exd4 24.Be2 Rf8 25.Bg4 Qd6 26.Ra2 b5 27.Qb3 c6 28.c5 Qxd5 29.Qxd5 cxd5
30.Bxe6+ Bxe6 31.Rxe6 d3 32.Re3 Rae8 33.Rd2 Bd4 34.Rdxd3 Bxe3 35.Bxe3 Rf5
36.g4 Rfe5 37.Kg2 Kf7 38.Bd4 Re4 39.Be3 Ke6 40.Rd1 Rd8 41.Bd4 Rf8 42.Bg7 Rg8
43.Bxh6 Ke5 44.Kg3 d4 45.c6 Kd6 46.Rc1 d3 47.Bxg5 Rc4 48.Bf4+ Kxc6 49.Rd1 Rc3
50.h4 Rxa3 51.h5 a5 52.bxa5 b4 53.h6 Kd5 54.f3 Ke6 55.Re1+ Kf7 56.Re4 b3
57.Rb4 Rd8 58.Rb7+ Kg6 59.Rg7+ Kf6 60.Bg5+ Ke6 61.Bxd8  1-0

[Event "ESP-chT"]
[Site "?"]
[Date "1993.??.??"]
[Round "?"]
[White "Gallego, Victoriano"]
[Black "Paramos Dominguez, Roberto"]
[Result "1-0"]
[WhiteElo "2365"]
[BlackElo "2375"]

1.d4 Nf6 2.c4 g6 3.Nc3 Bg7 4.e4 d6 5.Nf3 O-O 6.Be2 e5 7.d5 a5 8.Be3 Na6 9.Nd2 Bd7
10.O-O h5 11.f3 Nh7 12.a3 Bf6 13.b3 Bg5 14.Bf2 h4 15.Bd3 Nf6 16.Rb1 Nh5 17.Re1 Bf4
18.Nf1 Qg5 19.Kh1 Kg7 20.Ne2 Nc5 21.Bc2 f5 22.Bxc5 dxc5 23.Nxf4 Nxf4 24.Qd2 fxe4
25.Bxe4 b5 26.Ne3 Ra6 27.cxb5 Bxb5 28.Rbc1 h3 29.Rxc5 Rb6 30.Rxc7+ Kh8 31.gxh3 Nxh3
32.Qg2 Qh4 33.Qg3 Nf2+ 34.Kg2 Qxg3+ 35.hxg3 Nxe4 36.Rh1+ Kg8 37.Rhh7 Rxf3
38.Rhg7+ Kf8 39.Kxf3 Bd3 40.Rgf7+ Kg8 41.Rfd7 Rb8 42.Rg7+ Kf8 43.Rcf7+ Ke8
44.Rg8+ Kxf7 45.Rxb8 Nc3 46.Ra8 Nb5 47.Rxa5 Nd4+ 48.Kf2 Nxb3 49.Ra7+ Kf6
50.d6 Nc5 51.d7 Ke7 52.Nd5+ Kd8 53.Nf6 Ne6 54.Ra8+ Ke7 55.Re8+  1-0